| 000 | 00697nam a2200217 4500 | ||
|---|---|---|---|
| 003 | OSt | ||
| 005 | 20230920094850.0 | ||
| 006 | k|||||r|||| 00| zz | ||
| 008 | 708 R549v | ||
| 040 | _cLado V | ||
| 082 |
_a701 _bG212c |
||
| 100 |
_91019 _aGaraicoa, Carlos _eautor |
||
| 245 | _aEXPOSICION/ | ||
| 260 |
_bBiblioteca Luis Angel Arango _bBanco de la República _aColombia _c2000 |
||
| 300 |
_a40p. _c22x29cm |
||
| 650 |
_2Tesauro de Arte & Arquitectura _aARTE _9702 |
||
| 650 |
_2Tesauro de Arte & Arquitectura _aEDUCACIÓN _9702 |
||
| 650 |
_2Tesauro de Arte & Arquitectura _aTEORIA |
||
| 650 |
_2Tesauro de Arte & Arquitectura _aEXPOSICIÓN _9702 |
||
| 942 |
_2ddc _c1 _h701 _iG212e _n0 |
||
| 999 |
_c4345 _d4345 |
||